Statistics for Boston Talk to English Translation Quiz

Click here to take the quiz!

General Stats

  • This quiz has been taken 7,283 times
  • The average score is 10 of 14

Answer Stats

QuestionAnswer% Correct
The B's are at the GahdenThe Boston Bruins have a game tonight
89%
Take the Pike not the TDrive, don't take the train
88%
Give me Foddy for DunksI need money for coffee
81%
A frickin' chowdaheadAn idiot
79%
Going on a Packie RunBuying Beer
79%
A wicked nor'easter over the bridgeA blizzard on Cape Cod
77%
Tonic and GrindasSoda and sandwiches
77%
A FluffernutterA peanut butter and marshmallow sandwich
70%
Leaf-PeepahsTourists who ogle fall foliage
70%
Bang a u'eyTurn around
67%
American Chop SueyA pasta dish with beef and tomatoes
66%
Candlepin in the HubGoing bowling in Boston
50%
Jimmies on the HoodsieIce cream with sprinkles
48%
P-TownProvincetown
36%

Score Distribution

Percentile by Number Answered

Percent of People with Each Score

Your Score History

You have not taken this quiz